000 00328 a2200133 4500
001 194804
040 _cMagnum
100 _aAzevedo, Álvares de
240 1 0 _aPoemas irônicos, venenosos e sarcáticos
_lpor
245 1 0 _aPoemas irônicos, venenosos e sarcáticos
300 _a57
697 _aLITERATURA GERAL
942 _cBK
999 _c194804
_d194804